Problematika uplatňovania paušálnych výdavkov pri zdaňovaní príjmov

Guardado en:
Detalles Bibliográficos
Autor principal: Simonidesová, Jana, 1968-
Formato: Capítulo de libro
Lenguaje:eslovaco
Etiquetas: Agregar Etiqueta
Sin Etiquetas, Sea el primero en etiquetar este registro!

MARC

LEADER 00000naa$a2200000$$$4500
001 0176940
005 20240502073021.6
041 0 |a slo 
044 |a SK 
245 1 0 |a Problematika uplatňovania paušálnych výdavkov pri zdaňovaní príjmov  |c Jana Simonidesová 
100 1 |a Simonidesová, Jana, 1968-